Library Banner

Radiography and radiology for dental cae professionals / (Record no. 139872)

MARC details
000 -LEADER
fixed length control field 00543nam a22001817a 4500
005 - DATE AND TIME OF LATEST TRANSACTION
control field 20260224100938.0
008 - FIXED-LENGTH DATA ELEMENTS--GENERAL INFORMATION
fixed length control field 260224b |||||||| |||| 00| 0 eng d
020 ## - INTERNATIONAL STANDARD BOOK NUMBER
International Standard Book Number 9780702045981 (pbk)
040 ## - CATALOGING SOURCE
Transcribing agency PK-LaUMT
082 ## - DEWEY DECIMAL CLASSIFICATION NUMBER
Classification number 617.60754
Item number WHA-R
100 ## - MAIN ENTRY--PERSONAL NAME
Personal name Whaites, Eric
245 ## - TITLE STATEMENT
Title Radiography and radiology for dental cae professionals /
Statement of responsibility, etc by Eric Whaites and Nicholas Drage
250 ## - EDITION STATEMENT
Edition statement 3rd ed.
260 ## - PUBLICATION, DISTRIBUTION, ETC. (IMPRINT)
Place of publication, distribution, etc Edinburgh :
Name of publisher, distributor, etc Churchill Livingstone,
Date of publication, distribution, etc 2017
300 ## - PHYSICAL DESCRIPTION
Extent 293 p.
650 ## - SUBJECT ADDED ENTRY--TOPICAL TERM
Topical term or geographic name as entry element Dental radiography
942 ## - ADDED ENTRY ELEMENTS (KOHA)
Koha item type Books
Holdings
Withdrawn status Lost status Damaged status Home library Current library Date acquired Full call number Barcode Date last seen Price effective from Koha item type
      UMT Health Sciences Campus UMT Health Sciences Campus 2026-02-24 617.60754 WHA-R 152015 2026-02-24 2026-02-24 Books